Planeamiento del aprendizaje en la escuela de nuestro tiempo /

Guardado en:
Autor Principal: Hansen, Jorge C.
Formato: Libro
Publicado: Argentina : Estrada, 1981
Edición:7
Series:Bibl. Ciencias de la Educaci¢n
Materias:
Etiquetas: Agregar Etiqueta
Sin Etiquetas, Sea el primero en etiquetar este registro!
LEADER 00662nam a22002175a 4500
001 CEM.cems003155
005 19000101000000.0
008 130507s1981##################000#0#####d
003 CEMS
082 0 4 |a 379.15 
100 1 |a Hansen, Jorge C. 
245 1 0 |a Planeamiento del aprendizaje en la escuela de nuestro tiempo /  |c Jorge C. Hansen 
250 |a 7 
260 |a Argentina :  |b Estrada,  |c 1981 
300 |a 539 p. 
490 0 |a Bibl. Ciencias de la Educaci¢n 
653 |a Aprendizaje-planeamiento 
653 |a Educacion 
653 |a Motivacion y aprendizaje 
653 |a Planeamiento educativo 
859 |a CEMS  |b BIB. CEMS - 11 de abril  |h 379.15  |i H198a7  |p 11718.83  |t Ej.1